10 maiores municípios brasileiros por letra contida - Statistics

Estatísticas Gerais
  • Esse quiz foi jogado 187 vezes
  • A pontuação média é 48 de 104
Estatísticas das Respostas
Resposta % Correto
São Paulo
96%
Rio de Janeiro
95%
Curitiba
89%
Porto Alegre
89%
Manaus
88%
Brasília
87%
Salvador
87%
Aparecida de Goiânia
86%
Belo Horizonte
86%
Fortaleza
86%
Guarulhos
86%
Goiânia
85%
Campinas
84%
Belém
82%
Cuiabá
82%
Maceió
82%
Recife
82%
Vitória
82%
João Pessoa
81%
Natal
81%
Florianópolis
80%
São Luís
79%
Campo Grande
78%
Aracaju
77%
Joinville
74%
Porto Velho
73%
Teresina
73%
Duque de Caxias
70%
São Bernardo do Campo
70%
São José do Rio Preto
70%
São José dos Campos
70%
São José dos Pinhais
70%
Boa Vista
68%
Uberlândia
68%
Caxias
66%
Caxias do Sul
66%
Macapá
62%
Ribeirão Preto
62%
São Gonçalo
62%
Santo André
61%
Feira de Santana
60%
Sorocaba
59%
Juiz de Fora
58%
Campos dos Goytacazes
57%
Vila Velha
55%
Jaboatão dos Guararapes
54%
Foz do Iguaçu
51%
Juazeiro do Norte
50%
Nova Iguaçu
50%
Chapecó
49%
Vitória da Conquista
48%
Belford Roxo
47%
Contagem
47%
Jundiaí
43%
Imperatriz
39%
Itaquaquecetuba
39%
Queimados
37%
Quixadá
37%
Mogi das Cruzes
33%
Várzea Grande
32%
Franca
30%
Quixeramobim
30%
Araraquara
29%
Hortolândia
28%
Novo Hamburgo
28%
São Vicente
28%
Araxá
26%
Bayeux
26%
São João de Meriti
26%
Brusque
25%
Teixeira de Freitas
25%
Paraty
24%
São Félix do Xingu
23%
Suzano
23%
Presidente Kennedy [ES]
22%
Presidente Kennedy [TO]
22%
Frederico Westphalen
21%
Ribeirão das Neves
21%
Cachoeiro de Itapemirim
20%
Kaloré
20%
Passo Fundo
20%
Cabo de Santo Agostinho
19%
Jequié
19%
Mesquita
18%
Wenceslau Braz
17%
Brodowski
16%
Piraquara
15%
Cabo Frio
14%
Wagner
14%
Wanderley
14%
Ariquemes
13%
Presidente Kubitschek
12%
Bady Bassit
10%
Paty do Alferes
10%
Presidente Sarney
10%
Wenceslau Guimarães
8%
Iguaracy
7%
Porto Walter
7%
Wanderlândia
5%
Alfredo Wagner
4%
Conselheiro Mairinck
4%
Ruy Barbosa [BA]
4%
Ewbank da Câmara
3%
Governador Newton Belo
3%
Nenhum quiz correspondente encontrado
Distribuição das Pontuações
Porcentagem de Pessoas com Cada Pontuação
Percentil de Números Respondidos
Sua Pontuação Histórica
Você não jogou esse quiz